000 00463nam a22002177a 4500
003 UA-OsUOA
001 6732
007 ta
008 20040213b un ||||| |||| 00| 0 ukr d
090 _a004
942 _cBK
040 _aUA-OsUOA
_bukr
_cUA-OsUOA
_dUA-OsUOA
245 _aChip
_bКомпьюторы и коммуникации
955 _a0
041 _aukr
080 _a004
260 _aК.
044 _aUA
650 7 _2UDC
999 _c292893
_d292893